| 000 | 00821nas a2200265 4500 | ||
|---|---|---|---|
| 001 | BR0706946 | ||
| 003 | BR-BrBNA | ||
| 005 | 20231205111322.0 | ||
| 007 | ta | ||
| 008 | 230509b bl.|||p| |||| 00| 00por d | ||
| 040 |
_aBR-BrBNA _bpor _cBiblioteca Nacional de Agricultura |
||
| 041 | _a(Pt) | ||
| 072 | _aL70; L73 | ||
| 100 | 1 | _aGeovi, L.B. | |
| 100 | 1 | _aCosta, A.P.D. | |
| 100 | 1 | _aCarvalho, C.B. | |
| 100 | 1 | _aDetmann, E. | |
| 100 | 1 | _aCarvalho, C.S.P. | |
| 245 | 1 | _aOsmolalidade plasmática e osmol gap em eqüinos desidratados experimentalmente | |
| 650 | _aEQÜINO | ||
| 650 | _aDESIDRATAÇÃO | ||
| 773 | 0 |
_tArquivo Brasileiro de Medicina Veterinária e Zootecnia (Brazil) _xISSN 0102-0935 _g(2006), v. 58(5) p. 744-748 _wBR0706946 |
|
| 909 |
_a202311 _bLúcia _c55 _dLúcia Elande |
||
| 942 |
_2AGRIS _n0 _cANA |
||
| 999 |
_c192016 _d192016 |
||